Dokąd jedzie ten pociąg 2025 - Statystyki

Ogólne statystyki
  • Ten quiz został rozwiązany 33 razy
  • Średni wynik to 23 z 30
Statystyki odpowiedzi
Pociąg Stacja % Poprawnych
IC Daszyński Białystok
96%
TLK Pirat Kołobrzeg
96%
IC Mazury Olsztyn Główny
92%
IC Podlasiak Suwałki
92%
TLK Bory Tucholskie Gdynia Główna
88%
IC Chemik Katowice
88%
IC Warta Poznań Główny
88%
IC Górski Świnoujście
88%
IC Podlasiak Szczecin Główny
88%
IC Kasztelan Kraków Główny
84%
IC Warta Lublin Główny
84%
IC Łużyce Warszawa Wschodnia
84%
IC Słowacki Wrocław Główny
84%
IC Kujawiak Bydgoszcz Główna
80%
IC Mehoffer Przemyśl Główny
80%
IC Starzyński Warszawa Zachodnia
80%
TLK Gardno Łeba
76%
IC Mazury Łódź Fabryczna
76%
IC Mehoffer Zielona Góra Główna
76%
IC Górski Rzeszów Główny
72%
TLK Pirat Bohumin
64%
IC Kujawiak Chełm
64%
IC Chemik Płock
64%
IC Daszyński Bielsko - Biała Główna
60%
IC Słowacki Ełk
60%
TLK Bory Tucholskie Kostrzyn
60%
IC Łużyce Zgorzelec
60%
IC Starzyński Terespol
56%
IC Kasztelan Hrubieszów Miasto
52%
TLK Gardno Lębork
44%
Nie znaleziono quizów pasujących do podanych kryteriów
Rozkład punktacji
Procent ludzi z każdym wynikiem
Percentyl według liczby udzielonych odpowiedzi
Twoja historia wyników
Nie rozwiązałeś tego quizu